Database solutions a step-by-step guide to building databases
TI103
Wedi'i Gadw mewn:
| Prif Awdur: | |
|---|---|
| Fformat: | Llyfr |
| Iaith: | Undetermined |
| Cyhoeddwyd: |
Harlow, England ;New York
Pearson/Addison Wesley
2004
|
| Pynciau: | |
| Mynediad Ar-lein: | http://lrc.tdmu.edu.vn/opac/search/detail.asp?aID=2&ID=16042 |
| Tagiau: |
Ychwanegu Tag
Dim Tagiau, Byddwch y cyntaf i dagio'r cofnod hwn!
|
| Thư viện lưu trữ: | Trung tâm Học liệu Trường Đại học Thủ Dầu Một |
|---|
| LEADER | 00700nam a2200217Ia 4500 | ||
|---|---|---|---|
| 001 | TDMU_16042 | ||
| 008 | 210410s9999 xx 000 0 und d | ||
| 082 | |a 005.74 | ||
| 090 | |b C431 | ||
| 100 | |a Connolly, Thomas M | ||
| 245 | 0 | |a Database solutions | |
| 245 | 2 | |b a step-by-step guide to building databases | |
| 245 | 0 | |c Thomas M. Connolly, Carolyn E. Begg | |
| 260 | |a Harlow, England ;New York | ||
| 260 | |b Pearson/Addison Wesley | ||
| 260 | |c 2004 | ||
| 300 | |a xxiv, 528 p | ||
| 520 | |a TI103 | ||
| 650 | |a Database design; Database management | ||
| 856 | |u http://lrc.tdmu.edu.vn/opac/search/detail.asp?aID=2&ID=16042 | ||
| 980 | |a Trung tâm Học liệu Trường Đại học Thủ Dầu Một | ||